[Event "Stay Safe Play From Home 210"]
[Site "T#646654Emanuel Laske"]
[Date "2020.06.08"]
[Round "1"]
[White "Weltszmerc"]
[Black "Tunca"]
[Result "1-0"]
[WhiteElo "2096"]
[BlackElo "1684"]
[Annotator "TA"]
[PlyCount "57"]
[EventDate "2020.06.08"]
[EventType "swiss (blitz)"]

{[%evp 15,57,47,70,-40,-37,-36,12,0,12,0,13,20,27,26,22,18,17,0,0,0,7,-12,0,0,0,-43,-31,-40,0,0,39,-34,192,-229,-231,-656,-12,-23,96,102,480,-49,29988,29989]} 1. d4 d5 2. c4 e6 3. Nf3 Nf6 4. g3 c5 5. cxd5 exd5 6. Bg2 Nc6 7. O-O cxd4 8. Nxd4 Bc5 9. Be3 {D30: Queen's Gambit Declined: Systems without Nc3.} (9. Nxc6 $1 $14 bxc6 10. Qc2) 9... Qb6 $15 {[%cal Rc5d4]} 10. Nc2 $1 {[#]} Bf5 $146 ({Predecessor:} 10... Be6 11. Bxc5 Qxc5 12. Nc3 O-O 13. e3 Rad8 14. Nd4 Qe7 15. Rc1 Bg4 16. Qe1 Rfe8 {½-½ (57) Billar,J-Fernandez Cuneo,C Montevideo 2008}) 11. Bxc5 {The position is equal.} Qxc5 12. Ne3 Be4 13. Bxe4 dxe4 14. Nc3 O-O 15. Qa4 Rad8 16. Nxe4 Nxe4 17. Qxe4 Rfe8 $36 {[%mdl 2048] Black is pushing.} 18. Qh4 Nd4 19. Rfe1 Qb5 20. Qg4 Qxb2 21. Rab1 Qd2 22. Kg2 b6 23. h4 (23. Red1 $14 Qc3 24. Rbc1) 23... Rxe3 $2 (23... Qa5 $15 {stays ahead.}) 24. fxe3 $4 {[%mdl 8192]} (24. Rbd1 $18 {is the narrow road to win.} Qxe1 25. Rxe1) 24... Nc2 $19 {[%mdl 64] Double Attack} 25. Qg5 $2 (25. Kf2 Qxe3+ 26. Kg2) 25... Nxe3+ $2 (25... Nxe1+ $19 26. Kf1 Nc2) 26. Kh2 Re8 {[#]} (26... Rd7 $11) 27. Rbd1 $1 $16 {[%cal Rd1d2][%mdl 576] Pin} Qxa2 $2 {[%mdl 8192] [#]} (27... Qc3 $16 28. Rd8 Qc6 29. Rxe8+ Qxe8) (27... Qxd1 28. Rxd1) 28. Rd7 $2 ({White has to play} 28. Qxe3 $1 $18 {[%cal Re3e8][%mdl 512]} Qa4 (28... Rxe3 29. Rd8+) 29. Ra1) 28... Nc4 $2 {[%mdl 8192] [#]} (28... Qe6 $15 29. Rxa7 Qe4) 29. Qe7 $1 {[%mdl 576] Double Attack. Accuracy: White = 50%, Black = 30%.} 1-0

[Event "Stay Safe Play From Home 210"]
[Site "T#646654Emanuel Laske"]
[Date "2020.06.08"]
[Round "1"]
[White "Little champs"]
[Black "Lucknow"]
[Result "1-0"]
[WhiteElo "2047"]
[BlackElo "1716"]
[Annotator "TA"]
[PlyCount "35"]
[EventDate "2020.06.08"]
[EventType "swiss (blitz)"]

{[%evp 11,35,23,45,-44,-19,-9,-16,-292,174,-25,-42,-41,14,-9,-9,-27,51,65,290,288,404,370,216,173,205,170]} 1. d4 d5 2. e3 c6 3. c4 e6 4. Nc3 Nf6 5. Nf3 Bd6 6. Bd3 Nbd7 7. g4 {D46: Semi-Slav: 5 e3 Nbd7 6 Bd3, Black avoids the Meran.} (7. e4 $14 dxc4 8. Bxc4) 7... Nxg4 8. Rg1 $1 {[%cal Rg1g4]} Nxh2 {[#]} 9. Rxg7 $146 {[%mdl 8192]} (9. Nxh2 $11 {and White is okay.} Bxh2 10. Rxg7) ({Predecessor:} 9. Nxh2 Bxh2 10. Rxg7 Qh4 11. Qf3 f5 12. cxd5 Qh6 13. Qg2 cxd5 14. Bd2 a6 15. O-O-O {1-0 (31) Koch,J (1927)-Saez,D (1787) Moron 2018}) 9... Nf8 $4 {[%mdl 8192] [#]} (9... Qf6 $19 {avoids the disaster.} 10. Nxh2 Qxg7) 10. Rg2 $2 (10. Nxh2 $1 $18 {Qf3 is the strong threat.} Bxh2 11. Qf3) 10... Nxf3+ $11 11. Qxf3 Qe7 ({Better is} 11... Ng6 $15 12. Rg1 Bd7) 12. Bd2 Bd7 13. O-O-O O-O-O (13... Ng6 $1 $11 14. Rgg1 (14. cxd5 $2 Nh4 $19 {[%mdl 64] Double Attack}) 14... f5) 14. e4 {Threatens to win with Bg5.} dxe4 $2 {[#]} (14... f6 $14) 15. Nxe4 $18 f5 (15... Ng6 $142 16. Bg5 {[%mdl 64] Skewer} Qf8 17. Nxd6+ Qxd6 18. Bxd8 (18. Qxf7 Rdf8 $14) 18... Rxd8 19. Qxf7 Qf4+ 20. Qxf4 Nxf4) 16. Nxd6+ Qxd6 17. Bg5 Re8 18. Bf6 {Accuracy: White = 38%, Black = 30%.} 1-0

[Event "Stay Safe Play From Home 210"]
[Site "T#646654Emanuel Laske"]
[Date "2020.06.08"]
[Round "1"]
[White "Greblah"]
[Black "Justwatch"]
[Result "1-0"]
[WhiteElo "2013"]
[BlackElo "1571"]
[Annotator "TA"]
[PlyCount "49"]
[EventDate "2020.06.08"]
[EventType "swiss (blitz)"]

{[%evp 9,49,65,63,25,154,32,47,28,96,79,75,54,65,59,66,52,94,82,118,54,106,115,183,160,229,214,207,221,240,214,223,185,177,172,252,256,346,334,489,476,460,0]} 1. e4 Nf6 2. e5 Nd5 3. d4 d6 4. Nf3 Bg4 5. Be2 Nc6 6. c3 {B05: Alekhine's Defence: 4 Nf3 Bg4.} g6 {[#]} (6... dxe5 $11 7. Nxe5 Nxe5 8. dxe5 Be6) 7. h3 {[#]} (7. Qb3 $1 $16) 7... Bxf3 $146 ({Predecessor:} 7... Bd7 8. Bc4 Nb6 9. Bb3 Bg7 10. O-O dxe5 11. Be3 O-O 12. Qd2 exd4 13. Bh6 dxc3 14. Nxc3 {0-1 (63) Barchfeld,P-Niemeyer,N Vellmar 2012}) 8. Bxf3 {White is slightly better.} Nb6 (8... dxe5 $11 9. Qb3 Nb6) 9. exd6 cxd6 10. O-O Bg7 11. Bg5 O-O 12. Nd2 f6 13. Be3 e5 14. Nb3 (14. dxe5 $16 {Strongly threatening Qb3+.} dxe5 15. Bc5) 14... exd4 ({Better is} 14... f5 $14) 15. Nxd4 $16 {Black must now prevent Ne6.} Nxd4 (15... Qd7 $16) 16. Bxd4 ({Much less strong is} 16. cxd4 $6 Qd7 $16) 16... Rc8 (16... d5 $16 {was necessary.} 17. Re1 Kh8) 17. Bxb7 $18 Rc7 18. Bf3 f5 19. Qb3+ Kh8 20. Bxg7+ Kxg7 21. Rfe1 Qf6 (21... Nc4 $142 22. Rad1 Re8) 22. Re6 Qf7 23. Rae1 ({Don't do} 23. Rxd6 Re8 $18) 23... Rd7 (23... Rd8 {keeps fighting.} 24. Qd1 Kg8) 24. Bc6 Rc7 25. Bf3 $2 {[%mdl 32768] Accuracy: White = 58%, Black = 25%. . Loss on time!?} (25. Qb4 $18) 1-0

[Event "Stay Safe Play From Home 210"]
[Site "T#646654Emanuel Laske"]
[Date "2020.06.08"]
[Round "1"]
[White "Tobo Rubirosa"]
[Black "Mepe_Nika"]
[Result "0-1"]
[WhiteElo "1604"]
[BlackElo "2330"]
[Annotator "TA"]
[PlyCount "92"]
[EventDate "2020.06.08"]
[EventType "swiss (blitz)"]

{[%evp 11,92,14,17,-20,15,12,14,8,9,5,9,8,14,28,24,22,14,20,26,5,10,0,3,0,0,0,0,0,0,0,6,5,19,0,0,0,0,0,0,0,0,0,0,0,0,0,0,0,0,0,0,0,0,-4,-4,-310,-290,-422,-348,-425,-382,-832,-826,-1490,-1400,-12839,-12839,-12845,-12839,-29977,-12843,-29982,-12840,-29981,-29983,-29983,-29982,-29985,-29986,-29986,-29987,-29987,-29988]} 1. Nf3 d5 2. d4 Nf6 3. c4 c6 4. Qc2 dxc4 5. Qxc4 Bf5 6. Nc3 e6 7. Bf4 {D23: Queen's Gambit Accepted: 3 Nf3 Nf6 sidelines.} (7. g3 {feels hotter.} Be7 8. Bg2 Nbd7 9. O-O Bg6 10. e3) 7... Bd6 (7... Qb6 {looks sharper.} 8. Na4 Qa5+ 9. Bd2 Qc7 10. Nc3 Nbd7) 8. Bxd6 Qxd6 {[#]} 9. e3 $146 {The position is equal.} ({Predecessor:} 9. a3 Nbd7 10. g3 O-O 11. Bg2 Nb6 12. Qb3 h6 13. O-O Ne4 14. Rad1 Nd5 15. Nh4 Ndxc3 16. Nxf5 Nxe2+ {0-1 (37) Huliak,P (1829)-Kutny,M (1961) Slovakia 2020}) 9... Nbd7 10. Be2 O-O 11. O-O e5 12. dxe5 Nxe5 13. Nxe5 Qxe5 14. Rfd1 Rfd8 15. Qb3 Qc7 16. Rxd8+ Rxd8 17. Rd1 Rxd1+ 18. Qxd1 h6 19. Bd3 Bxd3 20. Qxd3 Qb6 21. b3 Qc7 22. Ne4 Nxe4 23. Qxe4 $11 {[%mdl 4096] Endgame KQ-KQ} g6 24. g3 h5 25. h4 Qd7 26. Kg2 b6 27. Qd4 Qc7 28. Qe4 c5 29. Qe8+ Kg7 30. e4 c4 31. bxc4 Qxc4 32. Qe5+ Kh7 33. Qf4 $2 {[%mdl 8192] [#] Loses the game.} (33. a3 $1 $11) 33... Qxa2 $19 34. e5 (34. Qb8 {was worth a try.}) 34... Qe6 35. Qe4 b5 {[%cal Bb6b5,Bb5b4,Bb4b3][%mdl 32]} 36. f4 $2 (36. Qb7 a6 37. f4) 36... a5 37. Qd3 b4 38. Qd6 b3 39. f5 gxf5 40. Qa3 f4 (40... Qc6+ $142 41. Kf2 Qc2+ 42. Ke3 b2 43. Qa2 Kg6 44. Kd4 b1=Q 45. Qxb1 Qxb1 46. Kc4 Qb4+ 47. Kd5 a4 48. g4 fxg4 49. e6 fxe6+ 50. Kc6 a3 51. Kc7 a2 52. Kc6 a1=Q 53. Kd7 Qbd4+ 54. Ke8 Kf6 55. Kf8 Qd8#) 41. gxf4 Qg4+ (41... Qg6+ $142 42. Kf3 Qd3+ 43. Kg2 Qc2+ 44. Kf3 b2 45. Qa2 Kg6 46. Qxb2 Qxb2 47. Ke3 Qc2 48. f5+ Kxf5 49. Kd4 a4 50. Kd5 a3 51. Kd6 a2 52. Ke7 a1=Q 53. Ke8 Qxe5+ 54. Kf8 Qh8+ 55. Kxf7 Qc7#) 42. Kf2 Qxf4+ {[%mdl 64] [#] Double Attack. Black mates.} 43. Kg2 Qg4+ 44. Kf1 Qf5+ 45. Kg2 Qc2+ 46. Kf3 b2 {Accuracy: White = 52%, Black = 88%.} 0-1

[Event "Stay Safe Play From Home 210"]
[Site "T#646654Emanuel Laske"]
[Date "2020.06.08"]
[Round "1"]
[White "Timbre"]
[Black "Dukic"]
[Result "0-1"]
[WhiteElo "1599"]
[BlackElo "1849"]
[Annotator "NA RC"]
[PlyCount "54"]
[EventDate "2020.06.08"]
[EventType "swiss (blitz)"]

1. d4 {[%emt 0:00:12]} c6 {[%emt 0:00:00]} 2. Nf3 {[%emt 0:00:02]} d6 {[%emt 0:00:00]} 3. c3 {[%emt 0:00:01]} Bg4 {[%emt 0:00:01]} 4. Bg5 {[%emt 0:00:02]} Nd7 {[%emt 0:00:01]} 5. e3 {[%emt 0:00:01]} Qb6 {[%emt 0:00:04]} 6. Qb3 {[%emt 0:00:02]} Qa5 {[%emt 0:00:05]} 7. Bh4 {[%emt 0:00:05]} b5 {[%emt 0:00:07]} 8. Ng5 {[%emt 0:00:03]} e6 {[%emt 0:00:08]} 9. Qc2 {[%emt 0:00:11]} Ngf6 {[%emt 0:00:02]} 10. Be2 {[%emt 0:00:02]} Bf5 {[%emt 0:00:03]} 11. Bd3 {[%emt 0:00:03]} Bxd3 {[%emt 0:00:13]} 12. Qxd3 {[%emt 0:00:02]} d5 {[%emt 0:00:00]} 13. Nf3 {[%emt 0:00:02]} Bd6 {[%emt 0:00:07]} 14. Bg3 {[%emt 0:00:02]} Bxg3 {[%emt 0:00:08]} 15. hxg3 {[%emt 0:00:02]} b4 {[%emt 0:00:04]} 16. O-O {[%emt 0:00:04]} Rb8 {[%emt 0:00:02]} 17. cxb4 {[%emt 0:00:03]} Qxb4 {[%emt 0:00:02]} 18. b3 {[%emt 0:00:03]} c5 {[%emt 0:00:03]} 19. dxc5 {[%emt 0:00:02]} Nxc5 {[%emt 0:00:01]} 20. Qe2 {[%emt 0:00:02]} Nce4 {[%emt 0:00:03]} 21. Nbd2 {[%emt 0:00:02]} Nc3 {[%emt 0:00:11]} 22. Qd3 {[%emt 0:00:06]} O-O {[%emt 0:00:06]} 23. Nd4 {[%emt 0:00:02]} Rfc8 {[%emt 0:00:02]} 24. Rac1 {[%emt 0:00:07]} e5 {[%emt 0:00:03]} 25. Ne2 {[%emt 0:00:03]} e4 {[%emt 0:00:03]} 26. Rxc3 {[%emt 0:00:14]} exd3 {[%emt 0:00:04]} 27. Rxc8+ {[%emt 0:00:02]} Rxc8 {[%emt 0:00:02] Timbre resigns (Lag: Av=0.26s, max=0.3s)} 0-1

[Event "Stay Safe Play From Home 210"]
[Site "T#646654Emanuel Laske"]
[Date "2020.06.08"]
[Round "1"]
[White "Sadbat1122"]
[Black "Chesstiger9"]
[Result "0-1"]
[WhiteElo "1577"]
[BlackElo "1997"]
[Annotator "NA"]
[PlyCount "64"]
[EventDate "2020.06.08"]
[EventType "swiss (blitz)"]

1. e4 {[%emt 0:00:02]} c5 {[%emt 0:00:01]} 2. Nf3 {[%emt 0:00:01]} e6 {[%emt 0:00:01]} 3. c3 {[%emt 0:00:01]} Nf6 {[%emt 0:00:03]} 4. e5 {[%emt 0:00:01]} Nd5 {[%emt 0:00:01]} 5. d4 {[%emt 0:00:03]} Nc6 {[%emt 0:00:02]} 6. c4 {[%emt 0:00:02]} Nb6 {[%emt 0:00:03]} 7. d5 {[%emt 0:00:02]} Nb8 {[%emt 0:00:04]} 8. d6 {[%emt 0:00:03]} Nc6 {[%emt 0:00:02]} 9. Nc3 {[%emt 0:00:02]} a6 {[%emt 0:00:01]} 10. Be3 {[%emt 0:00:04]} f6 {[%emt 0:00:03]} 11. Bxc5 {[%emt 0:00:03]} fxe5 {[%emt 0:00:07]} 12. Bxb6 {[%emt 0:00:04]} Qxb6 {[%emt 0:00:02]} 13. Be2 {[%emt 0:00:06]} Nd4 {[%emt 0:00:08]} 14. Nxe5 {[%emt 0:00:11]} Bxd6 {[%emt 0:00:08]} 15. Bh5+ {[%emt 0:00:11]} g6 {[%emt 0:00:05]} 16. Nxg6 {[%emt 0:00:24]} hxg6 {[%emt 0:00:02]} 17. Bxg6+ {[%emt 0:00:02]} Kd8 {[%emt 0:00:05]} 18. Ne4 {[%emt 0:00:13]} Bb4+ {[%emt 0:00:04]} 19. Kf1 {[%emt 0:00:02]} d5 {[%emt 0:00:06]} 20. cxd5 {[%emt 0:00:10]} Qb5+ {[%emt 0:00:01]} 21. Kg1 {[%emt 0:00:26]} Ne2+ {[%emt 0:00:02]} 22. Kf1 {[%emt 0:00:04]} Nc3+ {[%emt 0:00:01]} 23. Kg1 {[%emt 0:00:03]} Nxd1 {[%emt 0:00:03]} 24. Rxd1 {[%emt 0:00:02]} Qe2 {[%emt 0:00:03]} 25. Ra1 {[%emt 0:00:18]} exd5 {[%emt 0:00:05]} 26. Ng3 {[%emt 0:00:03]} Qxb2 {[%emt 0:00:03]} 27. Rd1 {[%emt 0:00:03]} Be6 {[%emt 0:00:03]} 28. h4 {[%emt 0:00:07]} Rc8 {[%emt 0:00:06]} 29. h5 {[%emt 0:00:02]} Rc1 {[%emt 0:00:02]} 30. Rxc1 {[%emt 0:00:02]} Qxc1+ {[%emt 0:00:01]} 31. Kh2 {[%emt 0:00:01]} Qf4 {[%emt 0:00:01]} 32. f3 {[%emt 0:00:02]} Bd6 {[%emt 0:00:02] Time (Lag: Av=0.80s, max=1.2s)} 0-1

[Event "Stay Safe Play From Home 210"]
[Site "T#646654Emanuel Laske"]
[Date "2020.06.08"]
[Round "1"]
[White "Trotsky"]
[Black "SoulofWolf"]
[Result "0-1"]
[WhiteElo "1571"]
[BlackElo "2084"]
[Annotator "TA"]
[PlyCount "92"]
[EventDate "2020.06.08"]
[EventType "swiss (blitz)"]

{[%evp 9,91,0,22,-22,18,16,37,0,0,-27,17,-8,41,-150,-145,-133,-135,-162,-160,-200,-184,-212,-179,-393,-415,-429,-412,-496,-413,-538,-544,-731,-729,-898,-776,-1761,-879,-879,-887,-942,-936,-934,-875,-1161,-1154,-1389,-1389,-1672,-1453,-29991,-3285,-29992,-29990,-29994,-29995,-29996,-29995,-29995,-29996,-29997,-29997,-29998,-29996,-29996,-29997,-29997,-29997,-29997,-29998,-29998,-29998,-29998,-29998,-29998,-29998,-29999,-29997,-29998,-29998,-29998,-29998,-29998,-29999,-29999]} 1. d4 e6 2. e3 Nf6 3. c4 d5 4. Nc3 c6 5. Qc2 Nbd7 6. Bd3 {D31: Queen's Gambit Declined: Semi-Slav without ...Nf6 (+ Marshall Gambit and Noteboom) and Exchange Variation lines without ...Nf6.} g6 7. Nf3 Bg7 8. Bd2 {White is slightly better.} O-O 9. h4 h5 {[#]} 10. Ng5 $146 ({Predecessor:} 10. O-O-O Nh7 11. e4 Nb6 12. cxd5 exd5 13. exd5 Nxd5 14. Ne4 f5 15. Ng3 Qd6 16. Rhe1 {1-0 (37) De Marinis,M (1774)-Michienzi,M (1434) Amantea 2010}) 10... Re8 11. Bxg6 $2 (11. O-O $14 {keeps the upper hand.}) 11... fxg6 $17 {Black continues to play with concentration.} 12. Qxg6 Nf8 13. Qc2 dxc4 14. O-O-O b5 15. e4 b4 ({But not} 15... Qxd4 16. Be3) 16. e5 $2 (16. Ne2) 16... bxc3 $19 17. Bxc3 Nd5 18. f4 Ne3 19. Qe4 Nxd1 20. Kxd1 Qd5 21. Qc2 Re7 22. g4 Bd7 23. Rh2 Be8 24. gxh5 Bxh5+ 25. Kc1 Bg6 26. f5 Bxf5 27. Qf2 {[#]} c5 $1 28. h5 (28. dxc5 Qd3) 28... cxd4 29. Qh4 Bh6 (29... dxc3 $142 30. bxc3 Qxe5 31. Qd4 Qe1+ {[%mdl 64] Double Attack} 32. Qd1 Qxc3+ 33. Rc2 Qa1+ 34. Kd2 Rd7+ {[%mdl 64] Skewer} 35. Ke3 Qxd1 36. Nf3 Qxc2 37. Ne1 Bd4+ 38. Kf4 Qd2+ {[%mdl 64] Double Attack} 39. Kg3 Qf2#) 30. Qg3 {[#]} Rg7 $1 {Black mates.} 31. Qh4 dxc3 32. bxc3 Bxg5+ 33. Qxg5 Rxg5 34. h6 Kh7 35. Kb2 Qd3 36. Ka3 Rb8 37. Rb2 Rxb2 38. Kxb2 Rg2+ 39. Ka3 Qxc3+ 40. Ka4 Qb2 41. Ka5 Bd3 42. Ka6 Qc3 43. Kxa7 Qb4 {[%cal Rg2a2]} 44. a4 c3 45. a5 Rb2 {[%cal Rb4a5]} 46. a6 Qb8# {Accuracy: White =  4%, Black = 64%.} 0-1

[Event "Stay Safe Play From Home 210"]
[Site "T#646654Emanuel Laske"]
[Date "2020.06.08"]
[Round "2"]
[White "Weltszmerc"]
[Black "Lazieri3"]
[Result "1-0"]
[WhiteElo "2099"]
[BlackElo "2067"]
[Annotator "TA"]
[PlyCount "103"]
[EventDate "2020.06.08"]
[EventType "swiss (blitz)"]

{[%evp 9,103,-3,46,51,61,43,31,0,8,6,10,-23,-18,-22,-27,-24,-7,-55,-16,-19,-10,-26,-7,-125,11,0,28,28,27,27,28,34,34,32,35,1,34,0,6,7,7,0,0,-16,-13,-14,-21,-40,-21,-29,-29,-30,-29,-30,-29,-30,-27,-34,-28,-36,-33,-36,-33,-33,0,0,0,-7,-7,-12,-7,-13,-7,-12,-12,-12,0,-27,-27,-27,-27,-27,-27,-27,0,0,0,0,0,0,12,12,17,17,68,68]} 1. d4 c6 2. c4 d5 3. Nf3 Nf6 4. g3 Bf5 5. Qb3 b6 {[#]} 6. cxd5 $146 {D11: Slav Defence: 3 Nf3 sidelines and 3...Nf6 4 e3 Bg4.} ({Predecessor:} 6. Bg2 e6 7. O-O Bd6 8. Nc3 O-O 9. Ne5 Nbd7 10. Nxd7 Nxd7 11. e4 dxe4 12. Nxe4 Be7 13. Bf4 {1-0 (60) Ngo,T (1998)-Nguyen,X (1927) Ho Chi Minh 2017}) 6... Qxd5 7. Qxd5 cxd5 8. Ne5 Nbd7 9. Nc3 e6 10. Bg2 Nxe5 11. dxe5 Nd7 12. f4 Bb4 13. O-O Rc8 (13... Bxc3 $5 14. bxc3 Rc8 $15) 14. Bd2 O-O 15. Rac1 Nc5 16. Rfd1 {[#]} (16. Be3 $11 {remains equal.}) 16... Bxc3 (16... Na4 $1 $17 {[%mdl 512]} 17. Ne4 (17. Nxa4 $2 Bxd2 18. Rxc8 Be3+ 19. Kh1 Rxc8 $17) 17... Bxd2 18. Nxd2 Nxb2) 17. Rxc3 Ne4 (17... Na4 $5 {[%cal Ra4c3]}) 18. Bxe4 Bxe4 19. Rdc1 Rxc3 20. Rxc3 $11 {[%mdl 4096] Endgame KRB-KRB} f6 21. Rc7 Rf7 22. Rc8+ Rf8 23. Rc7 Rf7 24. Rc6 fxe5 25. fxe5 Bf5 26. Bb4 {Rc8+ would kill now.} g5 27. Rc8+ Kg7 28. Bd6 Kg6 29. Rc7 Rxc7 30. Bxc7 {KB-KB} Bb1 31. a3 Kf5 32. Kf2 Ke4 33. g4 d4 34. Bb8 a6 35. Bc7 b5 36. h3 d3 37. exd3+ Bxd3 38. Bd8 Kf4 39. Bf6 Bc4 40. Bg7 Bd5 41. b4 Bc4 42. Bh6 Bd5 43. h4 Kxg4 44. Bxg5 Kf5 45. Bf6 Kf4 46. Ke2 h5 47. Kd3 Bc4+ 48. Kd4 {Hoping for a4!} Bf1 49. Kc5 Kf5 50. Kb6 Be2 51. Kxa6 Bf1 (51... Ke4 $11) 52. Ka5 {Accuracy: White = 82%, Black = 82%.} 1-0

[Event "Stay Safe Play From Home 210"]
[Site "T#646654Emanuel Laske"]
[Date "2020.06.08"]
[Round "2"]
[White "SoulofWolf"]
[Black "Chesstiger9"]
[Result "1-0"]
[WhiteElo "2085"]
[BlackElo "2000"]
[Annotator "TA"]
[PlyCount "107"]
[EventDate "2020.06.08"]
[EventType "swiss (blitz)"]

{[%evp 10,107,14,7,23,17,14,15,15,-27,0,-41,-5,-58,-29,-71,-30,-77,-53,-63,39,42,101,76,76,76,58,76,87,52,65,0,0,0,0,0,49,47,69,69,69,59,75,47,85,32,51,39,75,75,75,75,75,75,75,75,151,57,57,45,57,57,89,48,64,16,39,39,39,39,39,39,39,15,39,39,39,39,39,39,45,39,39,30,39,39,39,30,45,39,43,39,43,30,33,33,38,38,62,45]} 1. c4 e5 2. Nc3 Nf6 3. g3 d5 4. cxd5 Nxd5 5. Bg2 Nb6 6. e3 Nc6 {A22: English Opening: 1...e5 2 Nc3 Nf6.} 7. Nge2 Be7 {7...h5 deserves study.} 8. O-O O-O {[#] The position is equal.} 9. a4 $146 ({Predecessor:} 9. f4 f6 10. f5 a5 11. b3 Bd7 12. d4 Qc8 13. g4 Rd8 14. Qe1 Be8 15. Ne4 exd4 16. exd4 {1-0 (59) Jones,G (2661)-Edouard,R (2659) London 2014}) 9... a5 10. Nb5 Be6 11. b3 (11. d4 $11) 11... Qd7 (11... Qd3 $5 {[%cal Re6b3]} 12. Nec3 Qd7 $15) 12. Bb2 f6 (12... Rad8 $5 {[%cal Rd7d2]} 13. d4 Nb4 $15) 13. Rc1 Rad8 14. d4 exd4 (14... Bb4 $15 15. Qd3 exd4 16. exd4 g5) 15. Nexd4 Bd5 ({Better is} 15... Nxd4 $14 16. Nxd4 Bb4) 16. e4 (16. Qc2 {is more complex.} Nxd4 17. Bxd4 Bxg2 18. Kxg2 c5 19. Bc3) 16... Bf7 17. Nxc6 bxc6 18. Qxd7 Rxd7 19. Rxc6 (19. Nd4 {looks sharper.} Bb4 20. Rxc6 Rfd8 21. Ne6 Bxe6 22. Rxe6 Rd3 23. e5) 19... Bxb3 20. Nxc7 (20. Bh3 $14 f5 21. Nxc7 Nxa4 22. Be5) 20... Bxa4 $11 21. Rxb6 Rxc7 22. e5 fxe5 23. Bxe5 Rc5 24. Bd4 {[#] Black must now prevent Ra1.} Rb5 25. Ra6 Bf6 26. Be3 Bb3 27. Bc6 (27. Rb1 $16 {aiming for Rxb3!} a4 28. Bc6) 27... Rf5 {With the idea ...Bc4.} 28. Rc1 a4 29. Bxa4 Bxa4 30. Rxa4 Bg5 31. Bxg5 Rxg5 $16 {[%mdl 4096] Endgame KRR-KRR} 32. Rc7 Rgf5 (32... h5 $142 33. h4 Rg6) 33. f4 ({White should play} 33. Raa7 $16 Rg5 34. h4) 33... R5f7 $14 34. Rc5 g6 35. Kg2 Rd7 36. Kh3 Re8 37. f5 gxf5 38. Rxf5 Rg7 39. Rh4 Rf8 40. Rfh5 Rff7 41. Rh6 Rf8 42. Rd6 Rgf7 43. Re4 Kh8 44. Ree6 Kg8 45. Rd4 Kh8 46. Rg4 Rg7 47. Rh4 Rgf7 48. Re2 Rg7 49. Rb2 Rgf7 50. Rb3 Rg7 51. g4 Rgf7 52. Kg3 {White is slightly better.} Rg7 53. Rh5 Rgf7 54. h3 {Accuracy: White = 69%, Black = 74%.} 1-0

[Event "Stay Safe Play From Home 210"]
[Site "T#646654Emanuel Laske"]
[Date "2020.06.08"]
[Round "2"]
[White "Little champs"]
[Black "Greblah"]
[Result "0-1"]
[WhiteElo "2051"]
[BlackElo "2015"]
[Annotator "TA"]
[PlyCount "84"]
[EventDate "2020.06.08"]
[EventType "swiss (blitz)"]

{[%evp 9,83,59,107,76,74,76,72,66,71,65,70,50,83,18,36,32,106,16,21,29,43,45,81,22,28,0,0,-21,-12,-502,-514,-564,-560,-640,-615,-688,-692,-787,-764,-748,-776,-753,-699,-933,-930,-952,-882,-845,-760,-774,-784,-774,-740,-853,-843,-828,-821,-1179,-1150,-6558,-6540,-5947,-5606,-2252,-1878,-29987,-29988,-29988,-29988,-29988,-29989,-29989,-29990,-29993,-29991,-29999]} 1. d4 c6 2. e3 d5 3. Nf3 Nf6 4. Be2 {[#]} Ng4 $146 ({Predecessor:} 4... Bg4 5. Nbd2 Nbd7 6. h3 Bh5 7. b3 e6 8. Bb2 Bd6 9. Ne5 Bxe2 10. Qxe2 O-O 11. g4 Qa5 12. a3 Rad8 13. f4 Ne4 14. b4 Qa4 15. Nxe4 dxe4 16. Nxd7 Rxd7 {0-1 (62) Gordievsky,D (2605)-Predke,A (2601) Moscow 2017}) 5. O-O h5 6. h3 {D04: Colle System.} Nf6 7. c4 g6 8. Nc3 {White is better.} Bg7 9. Qb3 O-O 10. Bd2 Qb6 11. c5 (11. cxd5 $16 {Strongly threatening e4.} Qxb3 12. axb3) 11... Qxb3 12. axb3 Ne4 (12... Nbd7 $14) 13. b4 (13. Nxe4 $16 {aiming for Nc3.} dxe4 14. Ng5) 13... Nxd2 $11 14. Nxd2 a6 15. b5 Bf5 16. Ra5 ({White should try} 16. bxc6 $16 bxc6 17. f4) 16... e5 17. Nf3 exd4 18. exd4 cxb5 19. Nxb5 $2 {[%mdl 8192] [#] This costs White the game.} (19. Bxb5 $11 {and White has nothing to worry.} Nc6 20. Bxc6 bxc6 21. Rfa1) 19... Nc6 $19 20. Nc7 Nxa5 21. Nxd5 Be4 22. Nb6 Rad8 23. b4 Nc6 {[%mdl 64] [#] Double Attack} 24. d5 Nxb4 25. d6 Nd3 26. Ng5 Nxc5 27. Rc1 Nb3 28. Rc7 Bc6 29. Bc4 Nd2 30. Bxf7+ Kh8 31. Ne6 Rxd6 32. Nxf8 Bxf8 33. Nc4 Nxc4 34. Bxc4 Rd1+ 35. Bf1 Bb5 36. g3 Rxf1+ 37. Kh2 Rxf2+ {Black mates.} 38. Kg1 Re2 39. g4 hxg4 40. hxg4 Bd6 41. Rxb7 Bc5+ 42. Kh1 Bc6# {Accuracy: White = 32%, Black = 75%.} 0-1